| 000 | 00894nam a2200229 a 4500 | ||
|---|---|---|---|
| 001 | 85164 | ||
| 003 | BD-RjUL | ||
| 005 | 20250710103644.0 | ||
| 008 | 140030r19671957enk 000 0deng d | ||
| 035 | _a(BD-RjUL)85164 | ||
| 040 |
_aDLC _cDLC _beng _dBD-RjUL |
||
| 041 | _aeng | ||
| 082 |
_a822.91 _bSHA 1967 |
||
| 100 | 1 |
_aShaw, Bernard. _964190 |
|
| 245 | 0 | 0 |
_aArms and the man : _ban anti-romantic comedy in three acts / _cGeorge Bernard Shaw |
| 260 |
_aLondon : _bConstable and Company, _c1957, [Reprinted 1967]. |
||
| 300 |
_a118 p. ; _c20 cm. |
||
| 520 | _aArena Stage, Zelda Fichandler and Alan Schneider, present "Arms and the Man," by George Bernard Shaw, directed by Basil Langton, setting by Marshall Yokelson, lighting by Leo Gallenstein. | ||
| 580 | _aIn: Richard L. Coe Theater Programs Collection (Library of Congress). | ||
| 650 | 0 |
_aEnglish Drama. _964191 |
|
| 942 |
_2ddc _cBK |
||
| 999 |
_c85164 _d85164 |
||